| 000 | 00353cam a22001217a 4500 | ||
|---|---|---|---|
| 008 | 180718b1996 xxu||||| |||| 00| 0 eng d | ||
| 082 | _aA99 P272/L989 | ||
| 100 | _aLyon, Michael H. | ||
| 245 |
_aSardar Patel and Indian independence _cby Michael H. Lyon |
||
| 260 |
_aDelhi _bKonark _c1996 |
||
| 300 | _a227p. | ||
| 650 | _aPatel, Vallabhbhai J. - Biography | ||
| 999 |
_c381547 _d381547 |
||